ELECTRICAL PRINCIPLES (Record no. 579351)
[ view plain ]
| 000 -LEADER | |
|---|---|
| fixed length control field | 00234nam a22001097a 4500 |
| 082 ## - DEWEY DECIMAL CLASSIFICATION NUMBER | |
| Classification number | 621.3 COT |
| 100 ## - MAIN ENTRY--PERSONAL NAME | |
| Personal name | COTTON, H |
| 9 (RLIN) | 40193 |
| 245 ## - TITLE STATEMENT | |
| Title | ELECTRICAL PRINCIPLES |
| 260 ## - PUBLICATION, DISTRIBUTION, ETC. | |
| Place of publication, distribution, etc. | LONDON |
| Name of publisher, distributor, etc. | MACMILLAN |
| Date of publication, distribution, etc. | 1965 |
| 300 ## - PHYSICAL DESCRIPTION | |
| Extent | 419P |
| 942 ## - ADDED ENTRY ELEMENTS (KOHA) | |
| Koha item type | Book |
| Withdrawn status | Lost status | Damaged status | Not for loan | Permanent Location | Current Location | Shelving location | Date acquired | Total Checkouts | Full call number | Barcode | Date last seen | Price effective from | Koha item type |
|---|---|---|---|---|---|---|---|---|---|---|---|---|---|
| College of Electrical & Mechanical Engineering (CEME) | College of Electrical & Mechanical Engineering (CEME) | General Stacks | 04/20/2017 | 621.3 COT | CEME-16513 | 06/28/2021 | 06/28/2021 | Book |
